000
00442nam a2200145Ia 4500
008
100204s9999 xx 000 0 und d
082
_b
24149
100
_a
प्रभावळकर दिलीप
245
_a
हाऊज दॅट
260
_b
"श्रीकल्प प्रकाशन, मुंबई"
_c
1999
300
_a
173
630
_a
हाऊज दॅट
730
_a
हाऊज दॅट
942
_c
BOOK
999
_c
469330
_d
469327